[Event "ch-Paris op C"]
[Site "Paris (Halle Carpentier)"]
[Date "2008.07.01"]
[Round "4.41"]
[White "Banat, Samy"]
[Black "Siaugues, Jean-Claude"]
[Result "0-1"]
[WhiteElo "1010"]
[BlackElo "1370"]
[PlyCount "98"]
[EventDate "2008.06.28"]

1. e4 e6 2. d4 d5 3. Nc3 c5 4. Nf3 Nc6 5. Be3 Qb6 6. b4 Qxb4 7. Bd2 Nxd4 8. Nb5
Qb2 9. Bc3 Nxf3+ 10. Qxf3 Qxc2 11. Nc7+ Ke7 12. Nxa8 Qxe4+ 13. Be2 Qxf3 14.
gxf3 Nf6 15. Nc7 a6 16. O-O-O Kd7 17. Nb5 axb5 18. Bxb5+ Kc7 19. Ba5+ b6 20.
Bb4 cxb4 21. Kb1 Bc5 22. Rc1 Kd6 23. Ka1 Bb7 24. Rhd1 Bxf2 25. Bc4 Bc5 26. Rd2
Be3 27. Rcd1 Bxd2 28. Rxd2 Rc8 29. Bb3 Rc3 30. Rd1 Rxf3 31. Bc4 Kc5 32. Be2 Rf2
33. Rc1+ Kd6 34. Re1 Rxh2 35. Bf3 Ba6 36. Bh1 Bc4 37. Kb1 Bxa2+ 38. Kc1 Bc4 39.
Rg1 g6 40. Bg2 Rh4 41. Bf1 Rg4 42. Rh1 Rf4 43. Bxc4 dxc4 44. Rd1+ Nd5 45. Rh1
h5 46. Kc2 Rf3 47. Kb1 Rf2 48. Ka1 b3 49. Rb1 Ra2# 0-1

[Event "ch-Paris op C"]
[Site "Paris (Halle Carpentier)"]
[Date "2008.07.01"]
[Round "4.42"]
[White "Spassky, Daniel"]
[Black "Laroui, Idriss"]
[Result "1-0"]
[WhiteElo "1370"]
[BlackElo "1200"]
[PlyCount "93"]
[EventDate "2008.06.28"]

1. Nf3 d5 2. d4 Nc6 3. e3 Nf6 4. Bb5 Bd7 5. O-O e6 6. a3 Be7 7. Nc3 O-O 8. Ne5
Qe8 9. Qe2 a6 10. Nxd7 Qxd7 11. Bd3 e5 12. dxe5 Nxe5 13. e4 d4 14. Nd1 Nxd3 15.
Qxd3 Rad8 16. Bf4 c5 17. Re1 Qb5 18. Qd2 Qc6 19. f3 Bd6 20. e5 Rfe8 21. exd6
Rxe1+ 22. Qxe1 Re8 23. Qg3 Nh5 24. Qh4 Nxf4 25. Qxf4 Re1+ 26. Kf2 Qe8 27. d7
Re2+ 28. Kg3 Qxd7 29. Qb8+ Re8 30. Qf4 Re2 31. Nf2 f6 32. c3 Rxb2 33. Rd1 Rb3
34. cxd4 c4 35. d5 c3 36. Qb8+ Kf7 37. d6 c2 38. Rc1 Rb2 39. Qc7 Ke6 40. Re1+
Kd5 41. Qxd7 Rb1 42. Qf5+ Kxd6 43. Qd3+ Kc5 44. Qxc2+ Kd4 45. Rxb1 h6 46. Qd2+
Ke5 47. Rxb7 1-0

[Event "ch-Paris op C"]
[Site "Paris (Halle Carpentier)"]
[Date "2008.07.01"]
[Round "4.43"]
[White "Fouliard, Matthieu"]
[Black "Banat, Ryan"]
[Result "1-0"]
[WhiteElo "1330"]
[BlackElo "1020"]
[PlyCount "75"]
[EventDate "2008.06.28"]

1. e4 e5 2. Nf3 Nc6 3. d4 d5 4. dxe5 Nge7 5. exd5 Nxd5 6. Bc4 Be6 7. Bxd5 Bxd5
8. Nc3 Nb4 9. a3 c6 10. axb4 Bxb4 11. Bg5 f6 12. exf6 gxf6 13. Bh6 Bc4 14.
Qxd8+ Rxd8 15. Bg7 Rg8 16. Bxf6 Be7 17. Bxe7 Kxe7 18. b3 Ba6 19. Ne2 Rxg2 20.
Ng3 Kf8 21. c4 Re8+ 22. Kf1 Rxg3 23. hxg3 Ra8 24. Rxh7 Kg8 25. Rh2 b5 26. Rxa6
bxc4 27. bxc4 Rd8 28. Rxa7 Re8 29. Rah7 Re4 30. Rh8+ Kg7 31. R2h4 Re6 32. Nd4
Rd6 33. Nf5+ Kf6 34. Nxd6 Ke6 35. Nf7 Ke7 36. R4h6 Kxf7 37. Rxc6 Ke7 38. Ra8
1-0

[Event "ch-Paris op C"]
[Site "Paris (Halle Carpentier)"]
[Date "2008.07.01"]
[Round "4.44"]
[White "Alary, Antoine"]
[Black "Marchal, Quentin"]
[Result "1-0"]
[WhiteElo "1200"]
[BlackElo "1130"]
[PlyCount "49"]
[EventDate "2008.06.28"]

1. e4 e5 2. Nf3 Nc6 3. Bc4 Bc5 4. b4 Bxb4 5. c3 Bc5 6. d4 exd4 7. cxd4 Bb4+ 8.
Nbd2 Nf6 9. Ng5 O-O 10. e5 Nd5 11. Nge4 Nb6 12. Bb3 Nxd4 13. Bc2 Qe7 14. Qh5
Nxc2+ 15. Kd1 Nxa1 16. Bb2 g6 17. Qh6 f5 18. Bxa1 fxe4 19. Nxe4 d5 20. Ng5 Rf5
21. e6 Rxg5 22. g3 Rh5 23. Qf4 Qf8 24. Qxc7 Qxf2 25. Qg7# 1-0

[Event "ch-Paris op C"]
[Site "Paris (Halle Carpentier)"]
[Date "2008.07.01"]
[Round "4.46"]
[White "Le Cour, Hugo"]
[Black "Luond, Patrice"]
[Result "0-1"]
[WhiteElo "1130"]
[BlackElo "1499"]
[PlyCount "42"]
[EventDate "2008.06.28"]

1. d4 Nf6 2. c4 g6 3. Nc3 Bg7 4. e4 d6 5. Bg5 O-O 6. f4 c5 7. d5 a6 8. Nf3 h6
9. Bxf6 Bxf6 10. Qd3 e6 11. e5 dxe5 12. fxe5 Bg7 13. d6 Nc6 14. Rd1 Bd7 15. Be2
Nxe5 16. Nxe5 Bxe5 17. Qe4 Bd4 18. Qxb7 Rb8 19. Qxa6 Rxb2 20. Rc1 Qg5 21. Kd1
Qd2# 0-1

[Event "ch-Paris op C"]
[Site "Paris (Halle Carpentier)"]
[Date "2008.07.01"]
[Round "4.47"]
[White "Papazian, Arlette"]
[Black "Lachkar, Dan"]
[Result "0-1"]
[WhiteElo "1499"]
[BlackElo "1120"]
[PlyCount "52"]
[EventDate "2008.06.28"]

1. Nf3 Nc6 2. d4 d5 3. c4 dxc4 4. e3 Nf6 5. Bxc4 Bf5 6. Ng5 e6 7. d5 exd5 8.
Bb5 Bb4+ 9. Bd2 Bxd2+ 10. Qxd2 O-O 11. O-O Ne4 12. Nxe4 Bxe4 13. Bxc6 bxc6 14.
Nc3 Qg5 15. Nxe4 dxe4 16. Rac1 Rad8 17. Qe1 Rd6 18. b4 Rg6 19. g3 Rb8 20. a3
Qh5 21. Qd1 Qh3 22. Qh5 Qxh5 23. Rfd1 Rh6 24. Kf1 Qf3 25. Rd7 Rxh2 26. Rxc7
Rh1# 0-1

[Event "ch-Paris op C"]
[Site "Paris (Halle Carpentier)"]
[Date "2008.07.01"]
[Round "4.48"]
[White "Sancey, Frederic"]
[Black "Robinet-Duffo, Richard"]
[Result "0-1"]
[WhiteElo "1070"]
[BlackElo "1420"]
[PlyCount "58"]
[EventDate "2008.06.28"]

1. d4 d5 2. c4 Nf6 3. Nc3 dxc4 4. e3 Nc6 5. Bxc4 b6 6. Nf3 Bb7 7. O-O e6 8. Re1
Bb4 9. a3 Bd6 10. e4 O-O 11. Bg5 h6 12. Bd2 Be7 13. e5 Nh7 14. Nh4 Bxh4 15. Ne4
Nxd4 16. Be3 Nf5 17. Qg4 Nxe3 18. Rxe3 Bg5 19. Nxg5 Nxg5 20. Rae1 a6 21. Bd3 a5
22. h4 Nh7 23. Re4 g6 24. Rf4 h5 25. Qf3 Bxf3 26. Rxf3 Qxh4 27. g3 Qd8 28. Re4
Ng5 29. Ref4 Nxf3+ 0-1

[Event "ch-Paris op C"]
[Site "Paris (Halle Carpentier)"]
[Date "2008.07.01"]
[Round "4.50"]
[White "Su, Sylvie"]
[Black "Le Cour, Valentin"]
[Result "1-0"]
[WhiteElo "1199"]
[BlackElo "1020"]
[PlyCount "46"]
[EventDate "2008.06.28"]

1. e4 e5 2. d4 exd4 3. c3 Nc6 4. Nf3 dxc3 5. Nxc3 Bb4 6. Bd2 Nf6 7. Bc4 O-O 8.
O-O Qe8 9. Re1 Ne5 10. Be2 Nxf3+ 11. Bxf3 Qe5 12. Rc1 Bd6 13. g3 Qd4 14. Nb5
Qc5 15. Rxc5 Bxc5 16. Qc1 d6 17. e5 Nd7 18. e6 c6 19. e7 Re8 20. Nc7 Rxe7 21.
Rxe7 Rb8 22. Re8+ Nf8 23. Qe1 h6 {...  Mat en cinq coup non trouve} 1-0

[Event "ch-Paris op C"]
[Site "Paris (Halle Carpentier)"]
[Date "2008.07.02"]
[Round "5.1"]
[White "Pallandre, Christian"]
[Black "Valencia, Gabriel"]
[Result "0-1"]
[WhiteElo "1440"]
[BlackElo "1499"]
[PlyCount "56"]
[EventDate "2008.06.28"]

1. d4 d5 2. Nf3 Nf6 3. Bf4 Bg4 4. e3 e6 5. Nbd2 Be7 6. h3 Bxf3 7. Nxf3 Nbd7 8.
c3 a6 9. Be2 c5 10. O-O O-O 11. Be5 Nxe5 12. Nxe5 Qc7 13. f4 Ne4 14. Rf3 c4 15.
Qc2 Bh4 16. b3 f6 17. Ng4 h5 18. Nh2 cxb3 19. axb3 Qxc3 20. Qxc3 Nxc3 21. Bd3
f5 22. g3 Be7 23. g4 g6 24. gxh5 gxh5 25. Rg3+ Kf7 26. Nf3 Bf6 27. Rc1 Rac8 28.
Kf2 Ne4+ 0-1

[Event "ch-Paris op C"]
[Site "Paris (Halle Carpentier)"]
[Date "2008.07.02"]
[Round "5.2"]
[White "Pierre, Laurent"]
[Black "Larue, Daniel"]
[Result "0-1"]
[WhiteElo "1440"]
[BlackElo "1499"]
[PlyCount "68"]
[EventDate "2008.06.28"]

1. e4 c5 2. Nc3 Nc6 3. Bb5 Nd4 4. Nf3 Nxb5 5. Nxb5 a6 6. Nc3 d6 7. d3 e5 8. Bg5
f6 9. Bh4 g5 10. Bg3 g4 11. Nh4 Ne7 12. f3 h5 13. Qe2 Bh6 14. O-O gxf3 15. Rxf3
Bg4 16. Qf2 Bxf3 17. Qxf3 Bg5 18. a3 Qd7 19. h3 O-O-O 20. Rf1 Rdg8 21. Kh2 Rh7
22. Kg1 Rhg7 23. Rf2 Be3 24. Qxe3 Rxg3 25. Qh6 Qxh3 26. Qxf6 Qd7 27. Qh6 Qd8
28. Nf5 Nxf5 29. exf5 Qg5 30. Qe6+ Kb8 31. Qxd6+ Ka8 32. Qd5 Qc1+ 33. Kh2 Rh3+
34. Kxh3 Qh1# 0-1

[Event "ch-Paris op C"]
[Site "Paris (Halle Carpentier)"]
[Date "2008.07.02"]
[Round "5.3"]
[White "Terradot, Francois"]
[Black "Hassanaly, Ikbal"]
[Result "0-1"]
[WhiteElo "1420"]
[BlackElo "1490"]
[PlyCount "62"]
[EventDate "2008.06.28"]

1. d4 d5 2. c4 c6 3. Nc3 e6 4. Nf3 Nf6 5. Bg5 Be7 6. e3 Nbd7 7. Bd3 b6 8. O-O
Bb7 9. Re1 Bb4 10. Qa4 Bxc3 11. bxc3 Qc8 12. Bxf6 Nxf6 13. Ne5 O-O 14. e4 c5
15. f3 Qc7 16. Rab1 Ne8 17. Qd7 f6 18. Qxe6+ Kh8 19. Ng4 Nd6 20. Nf2 Rae8 21.
Qh3 dxc4 22. Bc2 Nf7 23. e5 Ng5 24. Qh4 Bxf3 25. Re3 Bb7 26. Rh3 g6 27. Bxg6
Nxh3+ 28. Nxh3 Qg7 29. Nf4 fxe5 30. Bxh7 Rxf4 31. Be4+ Rxh4 0-1

[Event "ch-Paris op C"]
[Site "Paris (Halle Carpentier)"]
[Date "2008.07.02"]
[Round "5.4"]
[White "Baldi, Valentine"]
[Black "Segarra, Rene"]
[Result "1-0"]
[WhiteElo "1480"]
[BlackElo "1380"]
[PlyCount "95"]
[EventDate "2008.06.28"]

1. d4 g6 2. c4 Bg7 3. Nc3 d6 4. Nf3 h6 5. e4 Nd7 6. Bd3 e5 7. Be3 a6 8. O-O
Ngf6 9. Rc1 Ng4 10. Qd2 Nxe3 11. Qxe3 O-O 12. dxe5 dxe5 13. Rfd1 c6 14. b4 f6
15. a4 Kh7 16. b5 h5 17. h4 Bh6 18. Qe2 Bxc1 19. Rxc1 Nc5 20. Bc2 Bg4 21. Rd1
Qc7 22. Qe3 Ne6 23. Rd3 Bxf3 24. Qxf3 Nd4 25. Qd1 Nxc2 26. Rd7+ Qxd7 27. Qxd7+
Kh6 28. Qd2+ Kg7 29. Qxc2 Rfd8 30. bxc6 bxc6 31. Qb3 Rab8 32. Qc2 Rd6 33. Qe2
Rbd8 34. Qe3 Rd4 35. c5 Rd3 36. Qc1 R8d4 37. Qb2 Rd7 38. Qb4 Kh6 39. Qc4 R7d4
40. Qg8 Rd7 41. Qh8+ Rh7 42. Qf8+ Rg7 43. Ne2 Ra3 44. Qxf6 Rxa4 45. Qxe5 Rc4
46. Qe8 Rxc5 47. Qh8+ Rh7 48. Qf8+ 1-0

[Event "ch-Paris op C"]
[Site "Paris (Halle Carpentier)"]
[Date "2008.07.02"]
[Round "5.5"]
[White "Trocme, Jacques"]
[Black "Puyo, Elisabeth"]
[Result "0-1"]
[WhiteElo "1480"]
[BlackElo "1300"]
[PlyCount "68"]
[EventDate "2008.06.28"]

1. Nf3 d5 2. d4 Nf6 3. h3 Bf5 4. e3 Nc6 5. c4 e6 6. c5 Be7 7. Bd2 O-O 8. a3 Ne4
9. Bc1 e5 10. b4 Bf6 11. b5 Na5 12. dxe5 Be7 13. g4 Bg6 14. h4 Nxc5 15. Nbd2
Nd3+ 16. Bxd3 Bxd3 17. a4 Re8 18. Ba3 Qd7 19. Nd4 c5 20. Nf5 Bxf5 21. gxf5 Qxf5
22. Bb2 Rad8 23. Qe2 d4 24. f4 dxe3 25. Qxe3 b6 26. Ra3 Nc4 27. Nxc4 Qb1+ 28.
Qc1 Qe4+ 29. Kf2 Bf6 30. exf6 Qe2+ 31. Kg3 Rd3+ 32. Rxd3 Qxd3+ 33. Kg4 Qe2+ 34.
Kg3 Qd3+ 0-1

[Event "ch-Paris op C"]
[Site "Paris (Halle Carpentier)"]
[Date "2008.07.02"]
[Round "5.6"]
[White "Martin, Madge"]
[Black "Khechab, Michel"]
[Result "1-0"]
[WhiteElo "1480"]
[BlackElo "1390"]
[PlyCount "65"]
[EventDate "2008.06.28"]

1. e4 e5 2. Nf3 Nc6 3. Bc4 Bc5 4. c3 Nf6 5. d3 d5 6. exd5 Nxd5 7. O-O O-O 8.
Re1 Bg4 9. Qe2 Nf4 10. Qe4 Bxf3 11. Qxf3 Qg5 12. d4 Bd6 13. Re4 Nh3+ 14. Kf1
Qxc1+ 15. Re1 Ng1 16. Qxf7+ Rxf7 17. Bxf7+ Kxf7 18. Rxc1 exd4 19. Kxg1 Rd8 20.
Na3 d3 21. Nc4 Ne5 22. Nxd6+ Rxd6 23. Kf1 Nc4 24. b3 d2 25. Rcb1 Na3 26. Rd1 c5
27. Ke2 b5 28. Rxd2 Rxd2+ 29. Kxd2 a5 30. Re1 b4 31. c4 Kf6 32. Kc1 g5 33. g4
1-0

[Event "ch-Paris op C"]
[Site "Paris (Halle Carpentier)"]
[Date "2008.07.02"]
[Round "5.7"]
[White "Roque, Gaetan"]
[Black "Souchaud, Raymond"]
[Result "0-1"]
[WhiteElo "1380"]
[BlackElo "1480"]
[PlyCount "68"]
[EventDate "2008.06.28"]

1. e4 e5 2. Nf3 Nc6 3. Bc4 h6 4. Nc3 Nf6 5. d3 d6 6. Be3 Na5 7. Nd2 c6 8. Bxf7+
Kxf7 9. b4 d5 10. bxa5 d4 11. Nf3 dxe3 12. Nxe5+ Ke8 13. fxe3 Qxa5 14. Qd2 Qxe5
15. O-O Bb4 16. d4 Nxe4 17. Qe2 Nxc3 18. Qc4 Qxe3+ 19. Rf2 Be6 20. Qxb4 Ne4 21.
Raf1 Nxf2 22. Rxf2 b6 23. Qd6 Rd8 24. Qxc6+ Bd7 25. Qg6+ Ke7 26. Kf1 Qc1+ 27.
Ke2 Bb5+ 28. Kf3 Rhf8+ 29. Kg3 Rxf2 30. Kxf2 Rf8+ 31. Kg3 Qe1+ 32. Kh3 Bd7+ 33.
g4 Rf3+ 34. Kg2 Qe2+ 0-1

[Event "ch-Paris op C"]
[Site "Paris (Halle Carpentier)"]
[Date "2008.07.02"]
[Round "5.8"]
[White "Hargoues-Turon, Emile"]
[Black "Roux, Jean-Marie"]
[Result "1-0"]
[WhiteElo "1350"]
[BlackElo "1470"]
[PlyCount "69"]
[EventDate "2008.06.28"]

1. d4 d5 2. Nf3 Nf6 3. e3 Nc6 4. c3 Bg4 5. Nbd2 e6 6. Bd3 Bd6 7. O-O Qe7 8. e4
dxe4 9. Nxe4 h6 10. Nxd6+ Qxd6 11. Re1 O-O-O 12. b4 g5 13. Be2 Bf5 14. b5 Ne7
15. c4 Ng6 16. c5 Qd7 17. Bb2 Nd5 18. Qa4 Kb8 19. Bc4 g4 20. Ne5 Nxe5 21. dxe5
h5 22. Bd4 b6 23. c6 Qc8 24. Qb3 h4 25. a4 Rdg8 26. Bxd5 exd5 27. a5 Be6 28.
axb6 cxb6 29. Qa3 Qc7 30. Bc3 g3 31. fxg3 hxg3 32. Bb4 gxh2+ 33. Kh1 Rd8 34.
Bd6 Rxd6 35. exd6 1-0

[Event "ch-Paris op C"]
[Site "Paris (Halle Carpentier)"]
[Date "2008.07.02"]
[Round "5.9"]
[White "Vega-Ritter, Isabelle"]
[Black "Benhaim, Louis"]
[Result "1-0"]
[WhiteElo "1469"]
[BlackElo "1340"]
[PlyCount "75"]
[EventDate "2008.06.28"]

1. d4 Nf6 2. Nf3 g6 3. Bg5 Ne4 4. Bf4 Bg7 5. e3 d6 6. Bd3 Nf6 7. Nbd2 Nc6 8. c3
O-O 9. Qc2 Re8 10. O-O e6 11. Ne4 Nd7 12. h4 e5 13. Bg3 f5 14. Bc4+ Kh8 15.
Neg5 Nf6 16. Nf7+ Kg8 17. Nxd8+ Kf8 18. Nxc6 bxc6 19. dxe5 Ne4 20. Bf4 dxe5 21.
Bh2 Nd6 22. Bb3 Bb7 23. Nd2 Re7 24. c4 c5 25. Ba4 e4 26. Nb3 Ba6 27. Nxc5 Bxc4
28. Bc6 Rb8 29. Nd7+ Rxd7 30. Bxd7 Rxb2 31. Qa4 Re2 32. Bxd6+ cxd6 33. Qxc4
Bxa1 34. Qxe2 Be5 35. Rb1 Ke7 36. Qb5 Kf6 37. Qb8 g5 38. Qf8+ 1-0

[Event "ch-Paris op C"]
[Site "Paris (Halle Carpentier)"]
[Date "2008.07.02"]
[Round "5.10"]
[White "Fleurimont, Thierry"]
[Black "Paillet, Raymond"]
[Result "1-0"]
[WhiteElo "1450"]
[BlackElo "1320"]
[PlyCount "95"]
[EventDate "2008.06.28"]

1. e4 c5 2. Bc4 d6 3. Nc3 Nf6 4. Nf3 Nxe4 5. Nxe4 d5 6. Bb5+ Bd7 7. Bxd7+ Nxd7
8. Nc3 Nf6 9. O-O e6 10. d4 Be7 11. Re1 O-O 12. Bg5 a6 13. Bxf6 Bxf6 14. dxc5
Qc7 15. Na4 Qa5 16. c3 Be7 17. b4 Qb5 18. Re3 Rad8 19. Nd4 Qd7 20. Nb2 Bf6 21.
Rh3 e5 22. Qh5 Qxh3 23. Qxh3 exd4 24. cxd4 Bxd4 25. Rb1 Rfe8 26. g3 Re2 27. Qh4
Bf6 28. Qf4 Bxb2 29. Qc7 Rde8 30. Kf1 R2e7 31. Qf4 Re4 32. Qd2 Bf6 33. Qxd5
R4e7 34. Rd1 h6 35. a4 Kh7 36. b5 Re5 37. Qxb7 axb5 38. axb5 Rxc5 39. b6 Rb5
40. Qc6 Rb4 41. Qxe8 Rxb6 42. Qxf7 Rb5 43. Rd7 Rf5 44. Kg2 h5 45. h3 Kh6 46. g4
hxg4 47. hxg4 Rf4 48. Qh5# 1-0

[Event "ch-Paris op C"]
[Site "Paris (Halle Carpentier)"]
[Date "2008.07.02"]
[Round "5.11"]
[White "Guerlach, Keigo"]
[Black "Buchner, David"]
[Result "0-1"]
[WhiteElo "1440"]
[BlackElo "1340"]
[PlyCount "104"]
[EventDate "2008.06.28"]

1. e4 e5 2. Nf3 Nc6 3. Bc4 Nf6 4. d4 exd4 5. e5 Qe7 6. Qe2 Ng4 7. Bf4 d6 8.
exd6 Qxe2+ 9. Bxe2 Bxd6 10. Bxd6 cxd6 11. O-O Nge5 12. Re1 a6 13. c3 d3 14.
Bxd3 O-O 15. Be4 Re8 16. Nbd2 Bd7 17. Re2 f5 18. Nxe5 Rxe5 19. Bf3 Rxe2 20.
Bxe2 Re8 21. Bf3 b5 22. Kf1 Ne5 23. Bd5+ Be6 24. Bxe6+ Rxe6 25. Re1 Kf7 26. f4
Nd3 27. Rxe6 Kxe6 28. b4 Nxf4 29. g3 Nd5 30. Nb1 Ne3+ 31. Ke2 Nc4 32. Nd2 Nxd2
33. Kxd2 d5 34. Kd3 Ke5 35. Ke3 g5 36. h3 f4+ 37. gxf4+ gxf4+ 38. Kf3 h5 39. h4
Kf5 40. a3 Ke5 41. Kf2 Ke4 42. Ke2 f3+ 43. Kf2 Kf4 44. Kf1 Kg3 45. Kg1 Kxh4 46.
Kf2 Kg4 47. Kf1 Kg3 48. Kg1 h4 49. c4 dxc4 50. a4 bxa4 51. b5 axb5 52. Kh1 a3
0-1

[Event "ch-Paris op C"]
[Site "Paris (Halle Carpentier)"]
[Date "2008.07.02"]
[Round "5.12"]
[White "Bouriot, Florence"]
[Black "Hermez, Mohammed"]
[Result "1/2-1/2"]
[WhiteElo "1280"]
[BlackElo "1400"]
[PlyCount "80"]
[EventDate "2008.06.28"]

1. d4 e6 2. Nf3 d5 3. e3 c5 4. c3 Nc6 5. Bd3 Bd7 6. O-O Qb6 7. Re1 Nf6 8. Nbd2
Bd6 9. e4 Be7 10. exd5 exd5 11. Qe2 c4 12. Bc2 O-O 13. Nf1 Rfe8 14. Bg5 Bd6 15.
Qd2 Rxe1 16. Rxe1 Qxb2 17. a4 Bf5 18. Bxf5 Qxd2 19. N1xd2 Nh5 20. Bh4 g6 21.
Bd7 Nf4 22. Bg3 Rd8 23. Re8+ Rxe8 24. Bxe8 Ne2+ 25. Kf1 Bxg3 26. Kxe2 Bc7 27.
Ng5 f5 28. Bf7+ Kg7 29. h3 Ba5 30. Bxd5 Bxc3 31. Bxc6 bxc6 32. Ke3 h6 33. Ne6+
Kf6 34. Nd8 f4+ 35. Ke2 Bxd4 36. Nxc4 c5 37. f3 h5 38. Nc6 Ke6 39. Nxd4+ cxd4
40. Kd3 Kd5 1/2-1/2

[Event "ch-Paris op C"]
[Site "Paris (Halle Carpentier)"]
[Date "2008.07.02"]
[Round "5.13"]
[White "Fattaccini, Paul-Andre"]
[Black "Martin, Didier"]
[Result "0-1"]
[WhiteElo "1199"]
[BlackElo "1400"]
[PlyCount "70"]
[EventDate "2008.06.28"]

1. e4 e5 2. Nf3 Nc6 3. Bc4 h6 4. c3 Qe7 5. O-O Nf6 6. Re1 d6 7. Qe2 Be6 8. Bb5
a6 9. Bxc6+ bxc6 10. d4 Bg4 11. Qc4 c5 12. Qa4+ Nd7 13. Nbd2 g6 14. h3 Bxf3 15.
Nxf3 Bg7 16. Be3 O-O 17. Qd1 Rfb8 18. Qd2 Kh7 19. g4 Nf6 20. Bxh6 Bxh6 21. g5
Bxg5 22. Nxg5+ Kg7 23. dxe5 dxe5 24. f4 Rh8 25. f5 Nh5 26. Kh2 Nf4 27. Rg1 Rh5
28. Ne6+ fxe6 29. Rg2 Rxh3+ 30. Kg1 Rah8 31. Rf1 Rh1+ 32. Kf2 Qh4+ 33. Ke3 Qh3+
34. Rg3 Qxg3+ 35. Rf3 Re1+ 0-1

[Event "ch-Paris op C"]
[Site "Paris (Halle Carpentier)"]
[Date "2008.07.02"]
[Round "5.14"]
[White "Elzoghlami, Mehdi"]
[Black "Nadarajah, Piruntha"]
[Result "1-0"]
[WhiteElo "1500"]
[BlackElo "1380"]
[PlyCount "117"]
[EventDate "2008.06.28"]

1. e4 e5 2. Nf3 Nc6 3. Bb5 Bc5 4. O-O d6 5. c3 Bd7 6. d4 Bb6 7. Bxc6 Bxc6 8.
dxe5 Bxe4 9. Re1 d5 10. Nbd2 Bf5 11. Nd4 Bxd4 12. cxd4 Ne7 13. Nf1 O-O 14. g4
Be6 15. Qb3 Qc8 16. h3 Ng6 17. f4 f5 18. exf6 Rxf6 19. f5 Bxf5 20. gxf5 Qxf5
21. Qg3 Nf4 22. Qxf4 Qxf4 23. Bxf4 Rxf4 24. Rad1 Raf8 25. Ng3 Rf3 26. Nh1 Rxh3
27. Kg2 Rh5 28. Ng3 Rg5 29. Rf1 Rd8 30. Rf5 Rg6 31. Kh2 c6 32. Rdf1 b6 33. Rf7
Rg4 34. Rxa7 Rxd4 35. Rff7 Rg4 36. Kh3 Rg6 37. Nf5 Rf8 38. Rxg7+ Rxg7 39. Nxg7
d4 40. Ne6 Rf3+ 41. Kg2 Rd3 42. b3 Rd2+ 43. Kf3 c5 44. Rg7+ Kh8 45. Rg2 Rd3+
46. Ke4 Re3+ 47. Kd5 d3 48. Nd8 h6 49. Rd2 h5 50. Kc4 h4 51. Rh2 h3 52. Nf7+
Kg7 53. Ng5 Re2 54. Rxh3 d2 55. Rd3 Rf2 56. Ne4 Rf7 57. Kd5 Rf5+ 58. Ke6 Rf7
59. Rxd2 1-0

[Event "ch-Paris op C"]
[Site "Paris (Halle Carpentier)"]
[Date "2008.07.02"]
[Round "5.15"]
[White "Cohen-Codar, Isabelle"]
[Black "Keller, Jean"]
[Result "0-1"]
[WhiteElo "1180"]
[BlackElo "1499"]
[PlyCount "52"]
[EventDate "2008.06.28"]

1. e4 c5 2. c3 Nc6 3. d4 cxd4 4. cxd4 Nf6 5. Nc3 e6 6. Nf3 b6 7. Bc4 Bb7 8. O-O
Rc8 9. Re1 Bb4 10. a3 Bxc3 11. bxc3 Na5 12. Bb3 Rxc3 13. Re3 Rxe3 14. Bxe3 Nxe4
15. d5 Nxb3 16. Qxb3 Bxd5 17. Qc2 O-O 18. Bf4 Qf6 19. Rc1 Qxf4 20. Qd1 Ng5 21.
Nxg5 Qxg5 22. g3 Qf5 23. Rc7 Qe4 24. Kf1 Qh1+ 25. Ke2 Bf3+ 26. Kd2 Qxd1+ 0-1

[Event "ch-Paris op C"]
[Site "Paris (Halle Carpentier)"]
[Date "2008.07.02"]
[Round "5.16"]
[White "Bogdanovsky, Sonia"]
[Black "Etienne, Yannick"]
[Result "1-0"]
[WhiteElo "1420"]
[BlackElo "1190"]
[PlyCount "128"]
[EventDate "2008.06.28"]

1. c4 e5 2. Nc3 Nf6 3. g3 Bb4 4. Qc2 c6 5. Bg2 O-O 6. Nf3 Re8 7. O-O d5 8. a3
Bf8 9. cxd5 cxd5 10. d3 Nbd7 11. Rd1 Nc5 12. Bg5 d4 13. Bxf6 Qxf6 14. Nd5 Qd8
15. Nd2 Rb8 16. b4 Ne6 17. Rac1 b6 18. Nc7 Nxc7 19. Qxc7 Qxc7 20. Rxc7 a5 21.
Rb1 Be6 22. Ne4 Re7 23. Rc2 Rc8 24. Rxc8 Bxc8 25. Nd6 Bg4 26. f3 Bh5 27. bxa5
Rc7 28. Nc4 bxa5 29. Rb8 f6 30. Kf2 Bf7 31. Nd6 Bg6 32. f4 e4 33. Nxe4 Kf7 34.
a4 h6 35. Nd2 Bf5 36. Nc4 Bd7 37. Nxa5 Bxa4 38. Bd5+ Ke7 39. Nc4 Bd7 40. h3 Ba4
41. Nb6 Bd7 42. Nxd7 Rxd7 43. Rb7 Kd6 44. Rxd7+ Kxd7 45. Be4 Kd6 46. Bg6 Kc5
47. Kf3 Bd6 48. Ke4 Be7 49. Kf5 Kd5 50. Bh5 Bf8 51. Bf3+ Kd6 52. Ke4 Kc5 53. e3
dxe3 54. Kxe3 Kd6 55. Ke4 Be7 56. Kf5 Bd8 57. Be4 Bb6 58. Kg6 Bf2 59. g4 Bg3
60. Kxg7 Bxf4 61. Kxf6 Bg5+ 62. Kg6 Ke7 63. Kh5 Bf6 64. Kxh6 Ke6 1-0

[Event "ch-Paris op C"]
[Site "Paris (Halle Carpentier)"]
[Date "2008.07.02"]
[Round "5.17"]
[White "Morgan, Jacques"]
[Black "Minot, Barbara"]
[Result "1-0"]
[WhiteElo "1370"]
[BlackElo "1400"]
[PlyCount "67"]
[EventDate "2008.06.28"]

1. d4 d6 2. c4 Nf6 3. Nc3 g6 4. Nf3 Bg7 5. g3 O-O 6. Bg2 c5 7. d5 Nbd7 8. O-O
a6 9. Bg5 b6 10. Re1 Bb7 11. e4 Ne5 12. Nxe5 dxe5 13. Qd2 Re8 14. Rad1 Qc7 15.
Rf1 Rad8 16. h3 e6 17. Qc2 Bc8 18. Rd3 Rd6 19. Rfd1 exd5 20. Bxf6 Bxf6 21. Nxd5
Qa7 22. Ne7+ Bxe7 23. Rxd6 Bxd6 24. Rxd6 Qb8 25. Qd2 Bb7 26. Rxb6 Qa8 27. Qd7
Bxe4 28. Bxe4 Qxe4 29. Qxe8+ Kg7 30. Qc6 Qe1+ 31. Kg2 Kf8 32. Qd6+ Kg7 33. Qf6+
Kf8 34. Rb8# 1-0

[Event "ch-Paris op C"]
[Site "Paris (Halle Carpentier)"]
[Date "2008.07.02"]
[Round "5.18"]
[White "Sommier, Patrick"]
[Black "Sriskantharajah, Niroshan"]
[Result "0-1"]
[WhiteElo "1390"]
[BlackElo "1370"]
[PlyCount "108"]
[EventDate "2008.06.28"]

1. e4 e6 2. d4 d5 3. e5 c5 4. Nf3 cxd4 5. Qxd4 Nc6 6. Qd1 Bd7 7. b3 f6 8. Bb2
fxe5 9. Nxe5 Nf6 10. Nxd7 Qxd7 11. Bb5 Be7 12. O-O O-O 13. Nd2 a6 14. Bd3 Rae8
15. Re1 Bd6 16. c4 d4 17. Rc1 b6 18. a3 Rc8 19. h3 e5 20. Ne4 Nxe4 21. Bxe4 Rf6
22. Rc2 Rcf8 23. Rd2 Ne7 24. Ree2 Kh8 25. Rd3 Ng6 26. Rg3 Qe7 27. a4 Qf7 28. f3
Bc5 29. Kh1 Re8 30. Bc1 Qe7 31. Bg5 Ref8 32. Bxf6 Rxf6 33. Ra2 Bb4 34. Ra1 Bc3
35. Rb1 Nh4 36. Qc2 Qe8 37. Rf1 Ng6 38. Kh2 Kg8 39. Rg4 h5 40. Rg5 Nf4 41. Bh7+
Kh8 42. g3 g6 43. gxf4 Kxh7 44. Rxh5+ Kg7 45. Rh4 exf4 46. Rg4 Re6 47. Rfg1
Re2+ 48. Qxe2 Qxe2+ 49. R1g2 Qe6 50. Rxf4 d3 51. Re4 Qd6+ 52. f4 d2 53. c5 bxc5
54. Rc4 Bb4 0-1

[Event "ch-Paris op C"]
[Site "Paris (Halle Carpentier)"]
[Date "2008.07.02"]
[Round "5.19"]
[White "Allaf, Alice"]
[Black "Combet, Pierre"]
[Result "0-1"]
[WhiteElo "1499"]
[BlackElo "1370"]
[PlyCount "38"]
[EventDate "2008.06.28"]

1. e4 e5 2. Nf3 Nf6 3. Nc3 Nc6 4. b3 a6 5. Bb2 Bc5 6. Qe2 d6 7. Nd5 O-O 8. c4
Ng4 9. Rd1 Bxf2+ 10. Qxf2 Nxf2 11. Kxf2 Bg4 12. Be2 Bxf3 13. Bxf3 Ne7 14. Ne3
f5 15. exf5 Nxf5 16. Nxf5 Rxf5 17. d4 Qh4+ 18. g3 Qf6 19. Rd3 Rf8 0-1

[Event "ch-Paris op C"]
[Site "Paris (Halle Carpentier)"]
[Date "2008.07.02"]
[Round "5.20"]
[White "Portier, Pierre"]
[Black "Spassky, Daniel"]
[Result "1-0"]
[WhiteElo "1499"]
[BlackElo "1370"]
[PlyCount "93"]
[EventDate "2008.06.28"]

1. e4 Nf6 2. e5 Nd5 3. d4 d6 4. Nf3 Bg4 5. c4 Nb4 6. Qa4+ N4c6 7. d5 Bxf3 8.
gxf3 dxe5 9. dxc6 Nxc6 10. Be3 e6 11. c5 Be7 12. Bb5 O-O 13. Bxc6 bxc6 14. Qxc6
a5 15. Nc3 Qb8 16. b3 Qb4 17. Rc1 Rac8 18. O-O Bf6 19. Ne4 Bh4 20. Rfd1 Qa3 21.
Rc2 h6 22. Bc1 Qb4 23. Rc4 Qb8 24. Be3 Rcd8 25. Rxd8 Qxd8 26. Rc1 Bg5 27. Nxg5
hxg5 28. Qb5 f5 29. Qe2 f4 30. Bd2 Rf5 31. Rd1 c6 32. Bxf4 Qf8 33. Bg3 Qxc5 34.
f4 gxf4 35. Bh4 f3 36. Qc4 Qxc4 37. bxc4 e4 38. Bg3 Rc5 39. Rd4 e5 40. Rxe4 a4
41. a3 Kf7 42. Bxe5 g6 43. h4 Ke6 44. Bd4+ Kd6 45. Bxc5+ Kxc5 46. Kh2 Kd6 47.
Kg3 1-0